A history of the confederacy 1832-1865

保存先:
書誌詳細
第一著者: Dowdey, Clifford
フォーマット: 図書
言語:Undetermined
出版事項: New York 1955
主題:
タグ: タグ追加
タグなし, このレコードへの初めてのタグを付けませんか!
Thư viện lưu trữ: Trung tâm Học liệu Trường Đại học Cần Thơ
LEADER 00471nam a2200181Ia 4500
001 CTU_111455
008 210402s9999 xx 000 0 und d
020 |c 127000 
082 |a 909 
082 |b D745 
100 |a Dowdey, Clifford 
245 2 |a A history of the confederacy 1832-1865 
245 0 |c Clifford Dowdey 
260 |a New York 
260 |c 1955 
650 |a World history 
904 |i Tuyến 
980 |a Trung tâm Học liệu Trường Đại học Cần Thơ